Mise en valeur de la peninsule de Ca Mau : La production crevettière dans les mangroves de la province de Minh Hai (Viet Nam): Rapport de mission
Guardado en:
| Autor principal: | |
|---|---|
| Formato: | Libro |
| Lenguaje: | Undetermined |
| Publicado: |
CanTho, VietNam
L'Université de Can Tho
1995
|
| Materias: | |
| Etiquetas: |
Agregar Etiqueta
Sin Etiquetas, Sea el primero en etiquetar este registro!
|
| Thư viện lưu trữ: | Trung tâm Học liệu Trường Đại học Cần Thơ |
|---|
| LEADER | 00635nam a2200193Ia 4500 | ||
|---|---|---|---|
| 001 | CTU_150091 | ||
| 008 | 210402s9999 xx 000 0 und d | ||
| 082 | |a 577.698 | ||
| 082 | |b G965 | ||
| 100 | |a Guiral, Daniel | ||
| 245 | 0 | |a Mise en valeur de la peninsule de Ca Mau : | |
| 245 | 0 | |b La production crevettière dans les mangroves de la province de Minh Hai (Viet Nam): Rapport de mission | |
| 245 | 0 | |c Daniel Guiral, Frank Lhomme | |
| 260 | |a CanTho, VietNam | ||
| 260 | |b L'Université de Can Tho | ||
| 260 | |c 1995 | ||
| 650 | |a Mangrove ecology | ||
| 904 | |i Giang | ||
| 980 | |a Trung tâm Học liệu Trường Đại học Cần Thơ | ||